000 00478nam a2200181Ia 4500
001 11484
005 20260306162831.0
008 260306t1981||||xx |||||||||||||| ||spa||
041 _aESP
082 _a985.06
_bT95
100 _aTurpo Choquehuanca, Fortunato
_eAUT
245 0 _aCaudillos y culpables:
_bHistoria política en la guerra del Pacífico.
260 _c1981
300 _a192 páginas :
_c20 cm.
650 _aGEN
654 _aCHU
942 _cLIB
_dJUS
_fJUS
_2ddc
_n
999 _c11484
_d11484